Deti a vojna

Bibliographic Details
Main Author: Moravčík, Milan (redaktor) (Author)
Format: Article
Language:Slovak
Subjects:

MARC

LEADER 00000nab a2200000 a 4500
001 vtls000155074
003 SK-MaSNL
005 20260303234933.0
008 150501c1983 xo 0 slo
015 |a SNBRB19rr/mm-uuuuu 
035 |a CL0165181 
040 |a SNKBUCL  |b slo  |c SNKBUCL  |e AACR2 
041 0 |a slo 
044 |a xo  |c SK 
080 |a 791.43  |2 1981 
100 1 |a Moravčík, Milan  |c (redaktor)  |4 aut  |9 5073 
245 1 0 |a Deti a vojna  |c Milan Moravčík 
650 0 7 |a film nemecký  |2 snkbucl  |9 924157 
650 0 7 |a Hviezda bez neba (film)  |2 snkbucl  |9 1273061 
655 7 |a články z novín a časopisov  |2 snkbucl  |9 267496 
773 0 |t Práca  |g Roč. 38, č. 88 (15. 4. 1983), s. 6 
850 |a Slovenská národná knižnica v Martine  |a MTA001 
852 |a SNK  |b KIS3GCP 
958 |a RK 
958 |a DE 
992 |a RBX 
999 |c 2523364  |d 2525294